00913 2200265 4500001002100000005001700021008004100038035002400079082001300103090002300116100004600139245015900185250001100344260002600355300002500381500007100406650004700477700002900524700002500553700001800578850001500596980001500611985000600626999001500632YOGYA-0209000004131320090227025744.0 ind  0010-020900000041313 a338.9598 a338.9598bInd PlQ aINDONESIA. Majelis Permusyawaratan Rakyat aPresiden Soeharto Bapak pembangunan Indonesiacoleh Majelis Permusaywaratan Rakyat ; editor, Bustomi Hadjid Ronodirdjo, Yatono Atmoprayitno, Zar'an Hadjid aCet. 1 aJakartabYDBKMIc1983 a600 hlmbilusc30 cm aDiterbitkan atas kerja sama dengan Yayasan Karya Dharma Purwakerta aRencana Pembangunan Lima Tahun - Indonesia aRonodirjo, Burtomi Hajid aAtmoprayitno, Yatono aHajid, Zar'an aYOPDYOG(B) a21-01-2008 a1 a07A0027408